000 00608cam a2200217 a 4500
001 3994237
005 20231130071821.0
008 950608s1995 ii b 001 0 eng
020 _a8170332699 :
040 _aDLC
_cDLC
_dDLC
082 0 0 _a305.4/06/054558
_220
_bNEE.
100 1 _aAhlawat, Neerja.
245 1 0 _aWomen organizations and social networks /
_cNeerja Ahlawat.
260 _aJaipur :
_bRawat Publications,
_cc1995.
300 _a168 p. ;
500 _aSpine title: Women's organizations & social networks.
650 0 _aWomen
650 0 _aFeminism
650 0 _aSocial networks
942 _cL
999 _c110
_d110